000 01273ngm a22002770a 4500
001 PT35646
003 AR-LpoUNG
005 20210202000448.0
007 vd cvaizq
008 191001suuuu||||ag |||||||||||||||||swe d
037 _c$11,25
040 _aAR-LpoUNG
_bspa
_cAR-LpoUNG
_eaacr
041 _aswe
_aspa
044 _aag
082 0 _a305.552 495cua
100 1 _aBergman, Ingmar
_edir.
245 1 0 _aCuando huye el día
260 _aBuenos Aires :
_bs.n.,
_c[199-?].
300 _aDVD : son., byn
505 0 _aCréditos : fotografía, Gunnar Fischer; música, Erik Nordgren. - Fecha de estreno en Argentina 11/10/1960. - Subtítulos en español
520 _aEl profesor Isaac Borg debe asistir en la Universidad de Lund al jubileo de sus 50 años como médico. Un sueño le hace tomar conciencia que el fin de su vida se acerca. Con su nuera Mariana, viaja en auto hacia Lund. Durante el trayecto irá reviviendo su infancia y su juventud. Victor Sjöstrom, el destacado director de cine sueco, encarna con profunda compenetración a ese ser humano cuya vida ha sido marcada por un enorme egoísmo y a quien los honores no consiguen borrar la sensación de fracaso.
653 _aCINE CLASICO
653 _aVIDEOS
905 _a35646
942 _cDVD
999 _c54904
_d54904